[Event "WCh-Women"]
[Site "Nalchik RUS"]
[Date "2008.08.30"]
[Round "1.2"]
[White "Solomons, A."]
[Black "Xu Yuhua"]
[Result "1/2-1/2"]
[WhiteElo "1895"]
[BlackElo "2483"]
[PlyCount "63"]
[EventDate "2008.08.29"]

1. d4 e6 2. c4 Nf6 3. Nf3 b6 4. e3 Bb7 5. Be2 Be7 6. Nbd2 O-O 7. O-O c5 8. b3
d6 9. Bb2 Nbd7 10. Qc2 Qc7 11. Rac1 Rac8 12. e4 cxd4 13. Nxd4 Nc5 14. Bf3 Qb8
15. Rfe1 a6 16. Qb1 g6 17. Rc3 e5 18. Nc2 b5 19. Ne3 bxc4 20. Rxc4 Qa8 21. Rec1
Ne6 22. Rxc8 Rxc8 23. Rxc8+ Qxc8 24. Qd3 Qa8 25. Ba3 Ng5 26. Nec4 Nfxe4 27.
Nxe4 Bxe4 28. Bxe4 Qxe4 29. Qxe4 Nxe4 30. f3 Nc3 31. Nxe5 Nxa2 32. Nc6 1/2-1/2

[Event "WCh-Women"]
[Site "Nalchik RUS"]
[Date "2008.08.30"]
[Round "1.2"]
[White "Koneru, H."]
[Black "Alaa el Din, Y."]
[Result "1-0"]
[WhiteElo "2622"]
[BlackElo "1959"]
[PlyCount "38"]
[EventDate "2008.08.29"]

1. Nf3 e6 2. b3 f5 3. Bb2 Nf6 4. g3 Be7 5. Bg2 O-O 6. O-O d6 7. d4 Qe8 8. Nbd2
Qh5 9. Ne1 Nbd7 10. Nd3 g5 11. e4 Qg6 12. Qe2 Rf7 13. Rae1 Nh5 14. exf5 exf5
15. Bd5 Kf8 16. Bxf7 Qxf7 17. f4 gxf4 18. g4 Nhf6 19. Nxf4 Qg7 1-0

[Event "WCh-Women"]
[Site "Nalchik RUS"]
[Date "2008.08.30"]
[Round "1.2"]
[White "Mona, K."]
[Black "Hou Yifan"]
[Result "0-1"]
[WhiteElo "2007"]
[BlackElo "2557"]
[PlyCount "86"]
[EventDate "2008.08.29"]

1. d4 Nf6 2. Nf3 e6 3. e3 b6 4. Bd3 Bb7 5. Nbd2 d5 6. Ne5 Bd6 7. f4 c5 8. c3
O-O 9. Qf3 Nc6 10. O-O Rc8 11. g4 Nd7 12. Qh3 g6 13. Qh6 f5 14. Rf3 Ndxe5 15.
fxe5 Be7 16. gxf5 Bg5 17. Qh3 exf5 18. Rg3 cxd4 19. exd4 Rc7 20. Nf3 Bxc1 21.
Rxc1 Bc8 22. Qh6 Qe7 23. Kf2 Qg7 24. Qd2 f4 25. Rgg1 Ne7 26. c4 Bb7 27. Rg4
dxc4 28. Bxc4+ Bd5 29. b3 Qf7 30. Qd3 b5 31. Bxd5 Nxd5 32. Rxc7 Qxc7 33. Ng5
Qc1 34. Qxb5 Qd2+ 35. Kf3 Qe3+ 36. Kg2 f3+ 37. Kf1 Qc1+ 38. Kf2 Qd2+ 39. Kg3
Qg2+ 40. Kh4 Qf2+ 41. Kh3 Nf4+ 42. Rxf4 Qg2+ 43. Kh4 Rxf4# 0-1

[Event "WCh-Women"]
[Site "Nalchik RUS"]
[Date "2008.08.30"]
[Round "1.2"]
[White "Sanchez Castillo, S."]
[Black "Cramling, P."]
[Result "1/2-1/2"]
[WhiteElo "2202"]
[BlackElo "2544"]
[PlyCount "134"]
[EventDate "2008.08.29"]

1. e4 c5 2. Nf3 a6 3. Nc3 e6 4. d4 cxd4 5. Nxd4 b5 6. a3 Bb7 7. Be2 Nc6 8. O-O
Qc7 9. Kh1 Nf6 10. f4 d6 11. Be3 Be7 12. Bf3 O-O 13. Qe1 Nd7 14. Nb3 Nb6 15.
Rd1 Nc4 16. Bc1 Rfe8 17. Ne2 Rad8 18. Qg3 Bf8 19. c3 Qc8 20. Qg4 f5 21. exf5
exf5 22. Bd5+ Kh8 23. Qf3 Nb6 24. Bxc6 Bxc6 25. Qf2 Na4 26. Nbd4 Be4 27. Ng3
Nc5 28. Nxe4 Nxe4 29. Qh4 Be7 30. Qh3 g6 31. Be3 Bf6 32. Bg1 Bg7 33. Nf3 Qc4
34. Rfe1 Qb3 35. Qh4 Kg8 36. Ng5 Nxg5 37. Qxg5 Qf7 38. h4 Bf6 39. Qg3 Re4 40.
Bd4 d5 41. h5 Rde8 42. Rxe4 dxe4 43. hxg6 hxg6 44. Bxf6 Qxf6 45. Kg1 Kg7 46.
Rd7+ Re7 47. Rd4 Qe6 48. Qe3 Rd7 49. g4 Kg8 50. g5 Kf7 51. Qh3 Kg8 52. Qe3 Kf7
53. Kf2 Ke7 54. Ke1 Rxd4 55. Qxd4 Qd6 56. Qa7+ Kd8 57. Qa8+ Kd7 58. Qa7+ Kd8
59. Qe3 Kd7 60. Qa7+ Kd8 61. b4 Qxf4 62. Qb6+ Kd7 63. Qxg6 Qe3+ 64. Kf1 Qf3+
65. Kg1 Qg3+ 66. Kf1 Qf3+ 67. Kg1 Qg3+ 1/2-1/2

[Event "WCh-Women"]
[Site "Nalchik RUS"]
[Date "2008.08.30"]
[Round "1.2"]
[White "Zuriel, M."]
[Black "Zhao Xue"]
[Result "0-1"]
[WhiteElo "2231"]
[BlackElo "2522"]
[PlyCount "88"]
[EventDate "2008.08.29"]

1. e4 Nf6 2. e5 Nd5 3. d4 d6 4. Nf3 dxe5 5. Nxe5 c6 6. Bc4 Nd7 7. O-O Nxe5 8.
dxe5 Bf5 9. Qe2 e6 10. a4 Bc5 11. Na3 Qh4 12. Kh1 O-O-O 13. c3 Nf4 14. Bxf4
Qxf4 15. g3 Qg5 16. Rad1 h5 17. Bd3 Rxd3 18. Rxd3 Bxd3 19. Qxd3 Qxe5 20. b4 Be7
21. Kg1 Bf6 22. Rc1 Rd8 23. Qc2 h4 24. Nc4 Qd5 25. Ne3 Qf3 26. Rd1 Rh8 27. Qd3
hxg3 28. Qd7+ Kb8 29. Qd6+ Ka8 30. Qxg3 Qxg3+ 31. hxg3 Bxc3 32. b5 cxb5 33.
axb5 Kb8 34. Rd7 Rh5 35. b6 axb6 36. Rxf7 b5 37. Kf1 b4 38. Nc4 Rd5 39. Rf3 Rc5
40. Nd6 b3 41. Rf7 b5 42. Rb7+ Ka8 43. Rxb5 Rxb5 44. Nxb5 Bb4 0-1

[Event "WCh-Women"]
[Site "Nalchik RUS"]
[Date "2008.08.30"]
[Round "1.2"]
[White "Kosintseva, T."]
[Black "Muminova, N."]
[Result "1-0"]
[WhiteElo "2511"]
[BlackElo "2242"]
[PlyCount "71"]
[EventDate "2008.08.29"]

1. e4 e6 2. d4 d5 3. Nc3 Nf6 4. e5 Nfd7 5. f4 c5 6. Nf3 Nc6 7. Be3 cxd4 8. Nxd4
Bc5 9. Qd2 O-O 10. O-O-O a6 11. Nb3 Be7 12. h4 b5 13. h5 Nb6 14. Qf2 Rb8 15.
Ne4 Nc4 16. h6 g6 17. Bc5 a5 18. Bxe7 Nxe7 19. Nf6+ Kh8 20. Nd4 Qb6 21. Qh4 Nf5
22. Nxf5 exf5 23. Nxd5 Qe6 24. Bxc4 bxc4 25. Qf6+ Qxf6 26. Nxf6 Be6 27. c3 a4
28. Rd6 g5 29. Rh5 a3 30. Rxg5 axb2+ 31. Kb1 Bd5 32. Rxd5 Rb6 33. Rg7 Rxf6 34.
exf6 Re8 35. Rxf7 Kg8 36. Re7 1-0

[Event "WCh-Women"]
[Site "Nalchik RUS"]
[Date "2008.08.30"]
[Round "1.2"]
[White "Cmilyte, V."]
[Black "Golubenko, Valen"]
[Result "1/2-1/2"]
[WhiteElo "2508"]
[BlackElo "2271"]
[PlyCount "118"]
[EventDate "2008.08.29"]

1. Nf3 Nf6 2. c4 e6 3. Nc3 d5 4. d4 dxc4 5. Qa4+ Bd7 6. Qxc4 Na6 7. e3 c5 8.
Be2 cxd4 9. exd4 Be7 10. O-O O-O 11. Bg5 Rc8 12. Qb3 Bc6 13. Ne5 Nc7 14. Rfd1
Nfd5 15. Bxe7 Qxe7 16. Bf3 Nxc3 17. Nxc6 Ne2+ 18. Bxe2 bxc6 19. Rac1 Nd5 20.
Bf3 Rb8 21. Qc2 Rfc8 22. Qd2 Qb7 23. b3 Rd8 24. Rc5 Rd6 25. Rdc1 Rbd8 26. Bxd5
exd5 27. Re1 Qd7 28. h3 Re8 29. Rcc1 Rde6 30. Rxe6 Qxe6 31. Qc3 Qf6 32. Re1
Rxe1+ 33. Qxe1 h6 34. Qe8+ Kh7 35. Qe3 Qg6 36. Kh2 Qc2 37. Qf4 Qg6 38. h4 Qe6
39. h5 Qe8 40. g4 Qe7 41. Kg3 Kg8 42. Qb8+ Kh7 43. Qf4 g6 44. hxg6+ fxg6 45. b4
a6 46. a3 Kg7 47. Kh3 g5 48. Qf5 Qd6 49. Kg2 Qe7 50. Kf1 Qe8 51. Qd3 Qc8 52.
Qe2 Kf7 53. f3 Qb7 54. Kf2 Qc7 55. Kg2 Qb7 56. Qd3 Kg7 57. Qe2 Kf7 58. Qd3 Kg7
59. Qe2 Kf7 1/2-1/2

[Event "WCh-Women"]
[Site "Nalchik RUS"]
[Date "2008.08.30"]
[Round "1.2"]
[White "Velcheva, M."]
[Black "Muzychuk, A."]
[Result "0-1"]
[WhiteElo "2281"]
[BlackElo "2504"]
[PlyCount "68"]
[EventDate "2008.08.29"]

1. e4 c5 2. Nf3 e6 3. d4 cxd4 4. Nxd4 a6 5. Be2 Nf6 6. Nc3 Bb4 7. Qd3 d6 8. O-O
O-O 9. Nb3 Nc6 10. f4 Qc7 11. a3 Bxc3 12. bxc3 b5 13. a4 Bb7 14. a5 Ne7 15. Bf3
Rac8 16. e5 Nfd5 17. exd6 Qxd6 18. Ba3 Qc7 19. Nc5 Rfd8 20. Rad1 Nxf4 21. Qxd8+
Rxd8 22. Rxd8+ Qxd8 23. Nxb7 Qd7 24. Nc5 Qd6 25. Rd1 Ned5 26. Bb4 g5 27. Ne4
Qc7 28. g3 Nxb4 29. cxb4 Nd5 30. Nc5 Nxb4 31. Ne4 Nd5 32. Nxg5 Qxc2 33. Rf1 Qd2
34. Nxf7 Ne3 0-1

[Event "WCh-Women"]
[Site "Nalchik RUS"]
[Date "2008.08.30"]
[Round "1.2"]
[White "Ruan Lufei"]
[Black "Zakurdjaeva, I."]
[Result "1/2-1/2"]
[WhiteElo "2499"]
[BlackElo "2308"]
[PlyCount "91"]
[EventDate "2008.08.29"]

1. e4 c5 2. Nf3 Nc6 3. Nc3 e5 4. Bc4 d6 5. d3 h6 6. Nd2 Nf6 7. Nf1 g6 8. Ne3
Bg7 9. a4 O-O 10. h4 a6 11. Ncd5 Nxd5 12. Bxd5 Ne7 13. h5 g5 14. g4 Nxd5 15.
Nxd5 Be6 16. c4 b5 17. Ne3 Qd7 18. f3 bxc4 19. dxc4 Rab8 20. Ra2 Rb4 21. Qc2
Rfb8 22. Bd2 Rb3 23. Kf2 Qe8 24. Bc3 Bd7 25. Rha1 f5 26. exf5 Bc6 27. Qd2 e4
28. f6 Bf8 29. Re1 Qd7 30. Nf5 Re8 31. Qc2 Rbb8 32. fxe4 Qe6 33. Qe2 Qd7 34.
Qd3 Re6 35. e5 d5 36. cxd5 Qxd5 37. Qxd5 Bxd5 38. Raa1 Bc6 39. a5 Rd8 40. Rad1
Rxd1 41. Rxd1 Kf7 42. Rd8 Re8 43. Rxe8 Bxe8 44. Nd6+ Bxd6 45. exd6 Ke6 46. Be5
1/2-1/2

[Event "WCh-Women"]
[Site "Nalchik RUS"]
[Date "2008.08.30"]
[Round "1.2"]
[White "Rohonyan, K."]
[Black "Zhukova, N."]
[Result "0-1"]
[WhiteElo "2321"]
[BlackElo "2489"]
[PlyCount "76"]
[EventDate "2008.08.29"]

1. e4 c5 2. Nf3 d6 3. Bc4 Nf6 4. Nc3 Nc6 5. O-O g6 6. d4 cxd4 7. Nxd4 Bg7 8.
Nb3 O-O 9. Re1 Bd7 10. Bf1 Rc8 11. Bg5 h6 12. Bh4 Ne5 13. h3 Nc4 14. Bxc4 Rxc4
15. Qd3 Rc8 16. Rad1 Be6 17. Qe3 Qb6 18. Qxb6 axb6 19. Rd2 g5 20. Bg3 Nh5 21.
Nd5 Bxd5 22. exd5 Nxg3 23. fxg3 Bxb2 24. Rxe7 Be5 25. Rxb7 Bxg3 26. Nd4 Rfe8
27. Re2 Rxe2 28. Nxe2 Be5 29. c3 Ra8 30. Rxb6 Rxa2 31. Kf2 Kg7 32. Kf3 f5 33.
Nd4 Kf6 34. g4 f4 35. Nf5 Bxc3 36. Nxd6 Bd4 37. Rb1 Ke5 38. Nf5 Rf2# 0-1

[Event "WCh-Women"]
[Site "Nalchik RUS"]
[Date "2008.08.30"]
[Round "1.2"]
[White "Arribas Robaina, M."]
[Black "Hoang Thanh Trang"]
[Result "1/2-1/2"]
[WhiteElo "2323"]
[BlackElo "2487"]
[PlyCount "101"]
[EventDate "2008.08.29"]

1. e4 e6 2. d4 d5 3. Nc3 Nf6 4. Bg5 dxe4 5. Nxe4 Nbd7 6. Nf3 h6 7. Nxf6+ Nxf6
8. Bh4 c5 9. dxc5 Qa5+ 10. c3 Qxc5 11. Bd3 Be7 12. O-O O-O 13. Qe2 Rd8 14. Rad1
Bd7 15. Rfe1 Bc6 16. Nd4 Bd5 17. Bb1 Rac8 18. h3 Bc4 19. Qf3 Bd5 20. Qe2 Bc4
21. Qe3 Qh5 22. Bg3 Bc5 23. Qe5 Qxe5 24. Bxe5 Rd7 25. b3 Ba6 26. Nf3 Rcd8 27.
Rxd7 Rxd7 28. c4 Bb4 29. Rf1 b6 30. Bc2 Bb7 31. Rd1 Bxf3 32. gxf3 Kf8 33. Kf1
Rxd1+ 34. Bxd1 Nd7 35. Bb2 a5 36. Ke2 f6 37. Bc2 Ke7 38. f4 Bc5 39. Be4 f5 40.
Bc6 Nf6 41. Be5 Bd6 42. Bd4 Bc5 43. Be5 Bd6 44. Ke3 g5 45. fxg5 Bxe5 46. gxf6+
Bxf6 47. Kd3 Kd6 48. Be8 Bh4 49. f4 Bf2 50. Ke2 Bc5 51. Kf3 1/2-1/2

[Event "WCh-Women"]
[Site "Nalchik RUS"]
[Date "2008.08.30"]
[Round "1.2"]
[White "Paehtz, E."]
[Black "Kadimova, I."]
[Result "1-0"]
[WhiteElo "2481"]
[BlackElo "2324"]
[PlyCount "105"]
[EventDate "2008.08.29"]

1. e4 c6 2. d4 d5 3. e5 Bf5 4. Nd2 e6 5. Nb3 Nd7 6. Nf3 Ne7 7. Be2 h6 8. O-O
Qc7 9. Bd2 Bh7 10. a4 g5 11. Ne1 Ng6 12. Nd3 Be7 13. a5 Kf8 14. Rc1 Kg7 15. c4
dxc4 16. Rxc4 Rad8 17. Qc1 Nh4 18. Nb4 a6 19. g3 Nf5 20. Bf3 Bg6 21. Re1 Qb8
22. Bg2 Nf8 23. Nc2 Nh7 24. h4 Rd7 25. Bf3 h5 26. hxg5 Qd8 27. Nc5 Bxc5 28.
Rxc5 Nxd4 29. Nxd4 Rxd4 30. Be3 Rd7 31. Kg2 Nf8 32. b4 Rd3 33. Rc3 Rxc3 34.
Qxc3 Nh7 35. Rd1 Qe7 36. Qd2 Re8 37. Qd7 Nf8 38. Qxe7 Rxe7 39. Bc5 Re8 40. Rd4
Nh7 41. Rd7 Nxg5 42. Rxb7 Nxf3 43. Kxf3 Bd3 44. Ke3 Rd8 45. Bd6 Bf1 46. Kd4 Kg6
47. Kc5 Rc8 48. Kb6 Rh8 49. Ra7 h4 50. gxh4 Rxh4 51. Rxa6 f6 52. Ra8 fxe5 53.
Bc5 1-0

[Event "WCh-Women"]
[Site "Nalchik RUS"]
[Date "2008.08.30"]
[Round "1.2"]
[White "Le Thanh Tu"]
[Black "Ushenina, A."]
[Result "1/2-1/2"]
[WhiteElo "2325"]
[BlackElo "2476"]
[PlyCount "227"]
[EventDate "2008.08.29"]

1. Nf3 d5 2. d4 Nf6 3. c4 c6 4. Nc3 e6 5. cxd5 exd5 6. Qc2 g6 7. Bg5 Be7 8. e3
Bf5 9. Bd3 Bxd3 10. Qxd3 Nbd7 11. O-O O-O 12. Rac1 Re8 13. h3 a5 14. Na4 Ne4
15. Bf4 Bd6 16. Bxd6 Nxd6 17. Qb3 Re7 18. Rfd1 Nf6 19. Nc5 Nfe4 20. Nxe4 Nxe4
21. Ne5 Kg7 22. Qd3 Nd6 23. Qe2 Qb6 24. Rc2 Rae8 25. Qf3 Ne4 26. Rdc1 f6 27.
Nd3 Rf7 28. h4 Qd8 29. g3 Nd6 30. Kg2 Nc4 31. b3 Nd6 32. Nc5 Kg8 33. Rb1 Nb5
34. Rd1 Nd6 35. a4 Kg7 36. Rb1 Ne4 37. Nxe4 Rxe4 38. b4 axb4 39. Rxb4 h5 40.
Rcb2 Qc8 41. Rb6 Ree7 42. a5 Qe6 43. Ra2 Rc7 44. Qf4 Rc8 45. Rab2 Rcc7 46. Kh2
Qd7 47. a6 bxa6 48. Rxa6 Rf8 49. Rc2 Rfc8 50. e4 dxe4 51. Qxe4 Qg4 52. Qe3 Qd1
53. Rc1 Qg4 54. Ra4 Qd7 55. Rac4 Qd6 56. Rc5 Re7 57. Qc3 Rd8 58. Rd1 Re6 59.
Rd2 Rde8 60. Qc4 Kh6 61. Rc2 Rd8 62. Rxc6 Qxc6 63. Qxc6 Rxc6 64. Rxc6 Rxd4 65.
Rxf6 Kg7 66. Rb6 Rd3 67. Kg2 Rc3 68. Re6 Rb3 69. Re3 Rb2 70. Kf3 Kf6 71. Re2
Rb4 72. Rd2 Ra4 73. Ke3 Rb4 74. Rd4 Rb2 75. Rd3 Ra2 76. Rb3 Rc2 77. f3 Rc4 78.
Rb6+ Kf5 79. Rd6 Ra4 80. Rd5+ Kf6 81. Rd4 Ra3+ 82. Ke4 Rb3 83. Kf4 Kg7 84. Ke4
Ra3 85. Rd3 Ra5 86. Rd5 Ra3 87. Kf4 Kh6 88. Re5 Rb3 89. Re6 Ra3 90. Re7 Rb3 91.
Rf7 Rb5 92. Rf6 Ra5 93. Rd6 Ra3 94. Ke4 Rb3 95. Rd4 Ra3 96. Kf4 Rb3 97. g4 hxg4
98. fxg4 Rb5 99. Ke4 Ra5 100. Kf3 Rb5 101. Re4 Rb3+ 102. Kf4 Rb5 103. Rd4 Ra5
104. Rd3 Ra4+ 105. Kf3 Rb4 106. Kg3 Ra4 107. Kf3 Rb4 108. Rd6 Rb3+ 109. Ke4
Rb4+ 110. Rd4 Rb5 111. Kd3 Rb3+ 112. Kc4 Rh3 113. h5 gxh5 114. gxh5 1/2-1/2

[Event "WCh-Women"]
[Site "Nalchik RUS"]
[Date "2008.08.30"]
[Round "1.2"]
[White "Socko, M."]
[Black "Foisor, S."]
[Result "1/2-1/2"]
[WhiteElo "2473"]
[BlackElo "2337"]
[PlyCount "87"]
[EventDate "2008.08.29"]

1. d4 d5 2. c4 c6 3. e3 Nf6 4. Nf3 a6 5. Bd3 b5 6. b3 Bg4 7. Nbd2 e6 8. Qc2
Nbd7 9. Bb2 Be7 10. O-O Bh5 11. a4 bxc4 12. bxc4 Bg6 13. c5 Qc7 14. h3 O-O 15.
Rab1 Rfb8 16. Bxg6 hxg6 17. Bc3 Bd8 18. Qd3 Qc8 19. Rfe1 Bc7 20. Qe2 Rxb1 21.
Rxb1 Rb8 22. Rxb8 Nxb8 23. Ne1 Nbd7 24. Nd3 Qb7 25. f4 Ne4 26. Nxe4 dxe4 27.
Qb2 Qxb2 28. Nxb2 Nf6 29. Kf2 Nd5 30. Bd2 Kf8 31. Ke2 Ke7 32. Nd1 Kd7 33. Nf2
f5 34. Nd1 Ke7 35. Nb2 Kf6 36. Nc4 g5 37. fxg5+ Kxg5 38. Ba5 Bxa5 39. Nxa5 Nb4
40. g3 Kf6 41. Nc4 Nd3 42. Na5 Nb4 43. Nc4 Nd3 44. Na5 1/2-1/2

[Event "WCh-Women"]
[Site "Nalchik RUS"]
[Date "2008.08.30"]
[Round "1.2"]
[White "Gaponenko, I."]
[Black "Zhang Jilin"]
[Result "1-0"]
[WhiteElo "2468"]
[BlackElo "2344"]
[PlyCount "57"]
[EventDate "2008.08.29"]

1. e4 c5 2. Nf3 d6 3. d4 cxd4 4. Nxd4 Nf6 5. Nc3 a6 6. Be3 e5 7. Nb3 Be7 8. Qd2
Be6 9. O-O-O O-O 10. f4 exf4 11. Bxf4 Nh5 12. g3 Nc6 13. Kb1 Nxf4 14. gxf4 Rc8
15. Qg2 Qb6 16. Rg1 g6 17. f5 Bxb3 18. cxb3 Ne5 19. Nd5 Qd8 20. Be2 Bf6 21.
Rdf1 Nd7 22. fxg6 fxg6 23. Bg4 Bd4 24. Rxf8+ Kxf8 25. Rd1 Qg5 26. Qf3+ Ke8 27.
Bxd7+ Kxd7 28. Qf7+ Kd8 29. Nb6 1-0

[Event "WCh-Women"]
[Site "Nalchik RUS"]
[Date "2008.08.30"]
[Round "1.2"]
[White "Harika, D."]
[Black "Nebolsina, V."]
[Result "1-0"]
[WhiteElo "2461"]
[BlackElo "2350"]
[PlyCount "97"]
[EventDate "2008.08.29"]

1. Nf3 Nf6 2. d4 g6 3. g3 Bg7 4. Bg2 d5 5. O-O c6 6. b3 O-O 7. c4 dxc4 8. bxc4
Be6 9. Nbd2 Qa5 10. Bb2 Nbd7 11. e4 Nb6 12. d5 Bg4 13. h3 Bxf3 14. Bxf3 cxd5
15. cxd5 Rfc8 16. Nb3 Qa4 17. Re1 Rc4 18. e5 Ne4 19. Qd3 Ng5 20. Bg2 Qd7 21.
Kh2 Rac8 22. Rad1 Rc2 23. Re2 Qf5 24. Qxf5 gxf5 25. Rxc2 Rxc2 26. Rd2 Rxd2 27.
Nxd2 Ne4 28. Nxe4 fxe4 29. Bxe4 Nc4 30. Bd4 Bxe5 31. Bxa7 b6 32. d6 Nxd6 33. f4
Bd4 34. Bd3 f6 35. a4 e5 36. fxe5 fxe5 37. Bb8 Nb7 38. Bc7 h6 39. Be4 Na5 40.
Bd5+ Kg7 41. Kg2 e4 42. Bxe4 Nc4 43. Bd3 Nb2 44. Bb5 Nd1 45. Kf3 Nc3 46. Bf4
Kg6 47. Bc6 Bf6 48. Be3 Bd8 49. g4 1-0

[Event "WCh-Women"]
[Site "Nalchik RUS"]
[Date "2008.08.30"]
[Round "1.2"]
[White "Mohota, N."]
[Black "Kosintseva, N."]
[Result "0-1"]
[WhiteElo "2354"]
[BlackElo "2460"]
[PlyCount "89"]
[EventDate "2008.08.29"]

1. d4 Nf6 2. c4 e6 3. Nc3 Bb4 4. e3 O-O 5. Nge2 Re8 6. a3 Bf8 7. e4 d6 8. g3 c5
9. Bg2 Nc6 10. O-O cxd4 11. Nxd4 Nxd4 12. Qxd4 Bd7 13. b3 Bc6 14. Bb2 Nd7 15.
Qd1 a6 16. Kh1 b5 17. cxb5 axb5 18. Na2 Nc5 19. f3 Qb6 20. Nb4 Bb7 21. Re1 Na6
22. Nd3 Nc5 23. Nf4 Rac8 24. Re2 Nd7 25. Rd2 Ne5 26. Ne2 f6 27. h3 d5 28. f4
Nf7 29. exd5 Bxd5 30. Bxd5 exd5 31. Nc3 d4 32. Nd5 Qe6 33. Qf3 Qxh3+ 34. Kg1
Qf5 35. Qg2 Red8 36. Nb4 d3 37. Rad1 Bc5+ 38. Kf1 Ne5 39. Bxe5 Bxb4 40. axb4
fxe5 41. Re1 exf4 42. gxf4 Rc2 43. Qf2 Rxd2 44. Qxd2 Rd4 45. Kf2 0-1

[Event "WCh-Women"]
[Site "Nalchik RUS"]
[Date "2008.08.30"]
[Round "1.2"]
[White "Sachdev, T."]
[Black "Tan Zhongyi"]
[Result "0-1"]
[WhiteElo "2432"]
[BlackElo "2387"]
[PlyCount "84"]
[EventDate "2008.08.29"]

1. d4 Nf6 2. c4 g6 3. Nc3 Bg7 4. e4 d6 5. Be2 O-O 6. Nf3 e5 7. Be3 Ng4 8. Bg5
f6 9. Bh4 g5 10. Bg3 Nh6 11. d5 f5 12. exf5 Nxf5 13. Ne4 h6 14. Nfd2 Nd7 15.
Bd3 Nf6 16. Nxf6+ Qxf6 17. Ne4 Qf7 18. Qd2 Bd7 19. f3 Nd4 20. O-O b6 21. Bf2
Bf5 22. Be3 Qg6 23. h3 a5 24. Rae1 Rae8 25. b3 Qf7 26. Qc1 Kh8 27. Qb1 Qd7 28.
Kh2 Rf7 29. Nc3 Bxh3 30. Bxd4 exd4 31. Rxe8+ Qxe8 32. Bg6 dxc3 33. Kxh3 Qc8+
34. g4 Rf4 35. Qe1 Be5 36. Qe2 Kg7 37. Bb1 h5 38. Rg1 hxg4+ 39. Rxg4 Qh8+ 40.
Kg2 Rxg4+ 41. fxg4 Qh2+ 42. Kf3 Qh1+ 0-1

[Event "WCh-Women"]
[Site "Nalchik RUS"]
[Date "2008.08.30"]
[Round "1.2"]
[White "Ju Wenjun"]
[Black "Bojkovic, N."]
[Result "1/2-1/2"]
[WhiteElo "2389"]
[BlackElo "2423"]
[PlyCount "81"]
[EventDate "2008.08.29"]

1. d4 Nf6 2. c4 e6 3. g3 Bb4+ 4. Nd2 d5 5. Bg2 O-O 6. Ngf3 b6 7. O-O Ba6 8. Qc2
c5 9. dxc5 Bxc5 10. cxd5 Qc8 11. Qb1 exd5 12. b4 Be7 13. b5 Bb7 14. Nd4 Bc5 15.
Bb2 Re8 16. Nf5 Nbd7 17. e3 Ne5 18. Nf3 Nxf3+ 19. Bxf3 Qe6 20. Rd1 Red8 21. Nd4
Bxd4 22. Rxd4 Ne4 23. Qd3 Re8 24. Qd1 h6 25. Rc1 Rac8 26. Rxc8 Qxc8 27. Qa4 Qb8
28. Qa3 Qc7 29. Qd3 Qc5 30. Qb3 Qc7 31. Rd1 Rc8 32. Rc1 Qd7 33. Rxc8+ Qxc8 34.
Qd3 Qc4 35. Qd4 f6 36. a4 Qc2 37. Bxe4 Qxe4 38. Qxe4 dxe4 39. Ba3 Bd5 40. Bd6
Bb3 41. Bb8 1/2-1/2

[Event "WCh-Women"]
[Site "Nalchik RUS"]
[Date "2008.08.30"]
[Round "1.2"]
[White "Rajlich, I."]
[Black "Mongontuul, B."]
[Result "0-1"]
[WhiteElo "2417"]
[BlackElo "2406"]
[PlyCount "86"]
[EventDate "2008.08.29"]

1. d4 d5 2. c4 c6 3. Nc3 Nf6 4. Nf3 e6 5. Bg5 h6 6. Bh4 dxc4 7. e4 g5 8. Bg3 b5
9. Be2 Bb4 10. Qc2 g4 11. Nd2 Qxd4 12. Rd1 Qb6 13. O-O Nbd7 14. e5 Nd5 15. Bxg4
Bxc3 16. bxc3 Nc5 17. Bh4 Qc7 18. Ne4 Nxe4 19. Qxe4 Bb7 20. Qf3 Rf8 21. Qh3 Kd7
22. f4 Rae8 23. Bf2 Kc8 24. Bc5 Rg8 25. Bh5 Qd7 26. Rd4 Kb8 27. a4 Rg7 28. Bf3
Qc8 29. Ra1 a6 30. Qxh6 Reg8 31. f5 Nxc3 32. Rd6 Nd5 33. Ra2 b4 34. a5 c3 35.
fxe6 b3 36. Ra3 b2 37. Rb3 Rg6 38. exf7 Rxh6 39. Rxh6 c2 40. Rxc6 c1=Q+ 41. Kf2
Qxc5+ 42. Rxc5 Qxc5+ 43. Ke2 Qc2+ 0-1

[Event "WCh-Women"]
[Site "Nalchik RUS"]
[Date "2008.08.31"]
[Round "1.3"]
[White "Socko, M."]
[Black "Foisor, S."]
[Result "0-1"]
[WhiteElo "2473"]
[BlackElo "2337"]
[PlyCount "118"]
[EventDate "2008.08.29"]

1. d4 d5 2. c4 c6 3. e3 Nf6 4. Nf3 a6 5. Bd3 Bg4 6. Nbd2 e6 7. Qc2 Nbd7 8. b3
Bd6 9. Bb2 Bh5 10. O-O Bg6 11. h3 O-O 12. Bxg6 hxg6 13. c5 Bc7 14. Ne5 Nxe5 15.
dxe5 Nd7 16. f4 b6 17. b4 a5 18. a3 bxc5 19. bxc5 Qe7 20. Bd4 Rfb8 21. Nf3 Ra7
22. Ne1 Rab7 23. Nd3 Qf8 24. Rf3 Bd8 25. g4 Qe7 26. Kh2 Nf8 27. Rg1 Rb3 28. Nb4
R8xb4 29. axb4 Rxb4 30. f5 exf5 31. gxf5 Bc7 32. Qc3 f6 33. Qe1 fxe5 34. Bc3
e4+ 35. Rfg3 Rc4 36. Bd4 Qh4 37. Kh1 Bxg3 38. Qxg3 Qxg3 39. Rxg3 Rxd4 40. exd4
gxf5 41. Ra3 Ne6 42. Rxa5 Nxd4 43. Kg2 Kf7 44. h4 f4 45. Ra7+ Kf6 46. h5 f3+
47. Kf2 Nf5 48. Rc7 Ne7 49. Ke3 d4+ 50. Kf2 Ke6 51. Ra7 Nf5 52. Rc7 Kd5 53. Rf7
Ke5 54. Rc7 d3 55. Rd7 d2 56. Rd8 Kf4 57. h6 e3+ 58. Kg1 gxh6 59. Kh2 e2 0-1

[Event "WCh-Women"]
[Site "Nalchik RUS"]
[Date "2008.08.31"]
[Round "1.3"]
[White "Zhukova, N."]
[Black "Rohonyan, K."]
[Result "1/2-1/2"]
[WhiteElo "2489"]
[BlackElo "2321"]
[PlyCount "120"]
[EventDate "2008.08.29"]

1. d4 Nf6 2. c4 c5 3. d5 b5 4. cxb5 a6 5. e3 d6 6. Nc3 g6 7. a4 Bg7 8. Nf3 O-O
9. e4 Nbd7 10. Bd2 Ne8 11. Be2 Nc7 12. O-O Rb8 13. Qc2 axb5 14. axb5 Nb6 15.
Ra2 e6 16. dxe6 Nxe6 17. Nd5 Bb7 18. Ba5 Bxd5 19. exd5 Nf4 20. Bc4 Qc8 21. Bxb6
Qg4 22. Ne1 Rxb6 23. Kh1 Re8 24. f3 Qf5 25. Qxf5 gxf5 26. g3 Ne2 27. f4 Nd4 28.
Ra6 Reb8 29. Ng2 Nxb5 30. Bxb5 Rxb5 31. Rxd6 Rxb2 32. Ne3 Bf8 33. Rc6 Re2 34.
Nc4 Ra8 35. Ne5 Raa2 36. Nf3 Ra3 37. d6 Rd3 38. Rxc5 Bxd6 39. Rxf5 h6 40. Rb5
Kg7 41. Rbb1 Ba3 42. Rb7 Rc3 43. Rbb1 Rcc2 44. Rbe1 Bb2 45. Rxe2 Rxe2 46. Kg1
Ba3 47. Re1 Bc5+ 48. Kh1 Rf2 49. Ne5 Bd4 50. Ng4 Rd2 51. Ne3 Bxe3 52. Rxe3 Rc2
53. Kg1 Kf6 54. Rf3 Rd2 55. Rf2 Rd3 56. Kg2 Kg6 57. Rb2 Ra3 58. Kh3 Rc3 59. Kg4
h5+ 60. Kh4 Rc5 1/2-1/2

[Event "WCh-Women"]
[Site "Nalchik RUS"]
[Date "2008.08.31"]
[Round "1.3"]
[White "Paehtz, E."]
[Black "Kadimova, I."]
[Result "1-0"]
[WhiteElo "2481"]
[BlackElo "2324"]
[PlyCount "95"]
[EventDate "2008.08.29"]

1. e4 c6 2. d4 d5 3. e5 Bf5 4. Nd2 e6 5. Nb3 Nd7 6. Nf3 Ne7 7. Be2 Nc8 8. O-O
Be7 9. Ne1 Ncb6 10. Nd3 h6 11. a4 Nc4 12. f4 O-O 13. g4 Be4 14. Nf2 Bh7 15. Bd3
f5 16. exf6 Nxf6 17. Qe2 Qd7 18. g5 hxg5 19. fxg5 Ne4 20. Nxe4 Bxe4 21. Bxe4
dxe4 22. Qxc4 Rxf1+ 23. Qxf1 Rf8 24. Qe2 Qd5 25. Be3 Bxg5 26. Rf1 Rf3 27. Rxf3
exf3 28. Qf2 Qf5 29. Bxg5 Qxg5+ 30. Kf1 Qf5 31. Nc5 b6 32. Nd3 Qe4 33. Ne5 c5
34. Nxf3 cxd4 35. Ng5 Qg6 36. Nf3 d3 37. cxd3 Qxd3+ 38. Qe2 Qf5 39. Kf2 Qc5+
40. Kg2 Qf5 41. Qe5 Qg4+ 42. Kf2 Qxa4 43. Qxe6+ Kf8 44. Qc8+ Ke7 45. Qc7+ Kf8
46. Qd6+ Ke8 47. Nd4 Qa5 48. Qe6+ 1-0

[Event "WCh-Women"]
[Site "Nalchik RUS"]
[Date "2008.08.31"]
[Round "1.3"]
[White "Bojkovic, N."]
[Black "Ju Wenjun"]
[Result "1/2-1/2"]
[WhiteElo "2423"]
[BlackElo "2389"]
[PlyCount "105"]
[EventDate "2008.08.29"]

1. e4 c5 2. Nf3 d6 3. d4 cxd4 4. Nxd4 Nf6 5. Nc3 a6 6. Be3 e5 7. Nf3 Be7 8. Bc4
O-O 9. O-O Be6 10. Bb3 Nc6 11. Bg5 Nd7 12. Bxe7 Qxe7 13. Nd5 Qd8 14. Qe2 Na5
15. Rad1 Rc8 16. Rd2 Nxb3 17. axb3 Bxd5 18. Rxd5 Qc7 19. Rd2 Nf6 20. Nh4 Rfd8
21. Nf5 d5 22. exd5 Rxd5 23. Rxd5 Nxd5 24. Qg4 g6 25. c4 Nb6 26. Ne3 Rd8 27.
Qg5 Rd4 28. h3 Nd7 29. Nd5 Qd6 30. Re1 f6 31. Qe3 Nc5 32. Qc3 Kg7 33. Qc2 Nd3
34. Re2 e4 35. Qc3 Nf4 36. Nxf4 Rd1+ 37. Kh2 Qxf4+ 38. g3 Qf5 39. Qe3 Rb1 40.
Kg2 Kf7 41. Rd2 g5 42. Re2 Kg6 43. g4 Qe5 44. Qxe4+ Qxe4+ 45. Rxe4 Rxb2 46. Re3
a5 47. Kg3 h5 48. Rd3 h4+ 49. Kg2 b6 50. Re3 Kf7 51. Kg1 Rb1+ 52. Kg2 Rb2 53.
Kg1 1/2-1/2